University Home | Library Home | Institutional Repository

A critique of norway's refugee/asylum policy and proposals for change. (Record no. 24836)

MARC details
000 -LEADER
fixed length control field 00609cam8a220018100 4500
001 - CONTROL NUMBER
control field zam00006472
008 - FIXED-LENGTH DATA ELEMENTS--GENERAL INFORMATION
fixed length control field 970717n xx eng u
035 ## - SYSTEM CONTROL NUMBER
System control number (Sirsi) r136472
040 ## - CATALOGING SOURCE
Modifying agency UPRA
100 ## - MAIN ENTRY--PERSONAL NAME
Personal name Gibney, Mark.
Linkage A108881.1
245 12 - TITLE STATEMENT
Title A critique of norway's refugee/asylum policy and proposals for change.
260 ## - PUBLICATION, DISTRIBUTION, ETC.
Place of publication, distribution, etc. Oslo :
Name of publisher, distributor, etc. Nowegian Institute of Human Rights,
Date of publication, distribution, etc. 1990.
520 ## - SUMMARY, ETC.
Summary, etc. This paper examines Norway's refugee asylum policy.
650 #4 - SUBJECT ADDED ENTRY--TOPICAL TERM
Topical term or geographic name entry element Refugees.
Linkage S51270.1
650 #4 - SUBJECT ADDED ENTRY--TOPICAL TERM
Topical term or geographic name entry element UNHCR -- Migration.
General subdivision UNHCR -- Migration.
Linkage S82156.1
949 10 - LOCAL PROCESSING INFORMATION (OCLC)
m INESOR
t BOOK
l ON-SHELF

No items available.

© 2026 - The University of Zambia Library - Koha v25.11